| 000 | 00365 a2200157 4500 | ||
|---|---|---|---|
| 001 | 76015 | ||
| 020 | _a9788574067087 | ||
| 040 | _cAnchieta - Colégio São Paulo | ||
| 100 | _aBaleiro, Zeca | ||
| 240 | 1 | 0 |
_aQuem tem medo de curupira? _lpor |
| 245 | 1 | 0 | _aQuem tem medo de curupira? |
| 300 | _a79 | ||
| 362 | 0 | _a2016 | |
| 650 | 4 | _aLiteratura juvenil | |
| 942 | _cBK | ||
| 999 |
_c76015 _d76015 |
||